Modelos de comunicación /

¿Cuáles son los paradigmas de la comunicación del siglo XXI? Las nuevas tecnologías proponen caminos que influyen directamente en las relaciones interpersonales, la percepción del entorno y la visión de la realidad.

Guardado en:
Autor Principal: Busaniche, Gisela
Autor Corporativo: Canal Encuentro.
Formato: Deslizar
Publicado: Argentina, 2010
Series:En el Medio II - Disco 2
Materias:
Etiquetas: Agregar Etiqueta
Sin Etiquetas, Sea el primero en etiquetar este registro!
LEADER 01097ngm a22002895g 4500
001 CEM.cems023489
008 130507s2010##################0###0#####d
005 20250408201750.0
245 1 0 |a Modelos de comunicación /  |c Gisela Busaniche. 
260 |a Argentina,  |c 2010 
300 |a 29'. 
490 0 |a En el Medio II - Disco 2 
538 |a Soporte: DVD - Color: Si - Grabación DRD. 
520 |a ¿Cuáles son los paradigmas de la comunicación del siglo XXI? Las nuevas tecnologías proponen caminos que influyen directamente en las relaciones interpersonales, la percepción del entorno y la visión de la realidad. 
590 |a Identificación anterior registrada en SIABUC: D89B. 
500 |a Consultar en ventanilla. 
100 1 |a Busaniche, Gisela 
710 2 |a Canal Encuentro. 
082 0 7 |/ BUS-3 
653 |a MEDIOS 
653 |a MEDIOS DE COMNICACION 
653 |a REDES SOCIALES 
653 |a NUEVAS TECNOLOGIAS 
653 |a TECNOLOGIA 
653 |a INTERNET 
653 |a SERIE DE TELEVISIÓN 
859 |a CEMS  |b BIB. CEMS - Depto. Recursos Didacticos  |h 070  |i BUS-3  |k DRD  |p 2132.15  |t Ej.1